logo

Bir Sreshtho Munshi Abdur Rouf Library
Jhenaidah Cadet College

কিশোর গোয়েন্দা তনু কাকা সিরিজ রেস্তোরাঁ রহস্য / (Record no. 10555)

MARC details
000 -LEADER
fixed length control field 00865nam a2200229 a 4500
001 - CONTROL NUMBER
JCCL Control Number 10555
003 - CONTROL NUMBER IDENTIFIER
JCCL marc code BD-JhCC
005 - DATE AND TIME OF LATEST TRANSACTION
control field 20221107134024.0
008 - FIXED-LENGTH DATA ELEMENTS--GENERAL INFORMATION
fixed length control field 180710s2017 bg |||| |||| 000 0 ben d
020 ## - INTERNATIONAL STANDARD BOOK NUMBER
International Standard Book Number 9789844952652
035 ## - SYSTEM CONTROL NUMBER
system control number (BD-JhCC)10555
040 ## - CATALOGING SOURCE
Original cataloging agency BD-JhCC
Modifying agency BD-JhCC
041 ## - LANGUAGE CODE
Language code of Book ben
082 ## - DEWEY DECIMAL CLASSIFICATION NUMBER
Classification number 891.44
Author mark and Year MAM 2017
100 ## - MAIN ENTRY--PERSONAL NAME
Personal name মামুন, মোস্তফা
245 ## - TITLE STATEMENT
Title কিশোর গোয়েন্দা তনু কাকা সিরিজ রেস্তোরাঁ রহস্য /
Statement of responsibility, etc মোস্তফা মামুন
260 ## - PUBLICATION, DISTRIBUTION, ETC. (IMPRINT)
Place of publication, distribution, etc ঢাকা :
Name of publisher, distributor, etc পার্ল পাবলিকেশন্স,
Date of publication, distribution, etc ২০১৭.
300 ## - PHYSICAL DESCRIPTION
Pagination ১১১ পৃ. :
Dimensions ১৮ সেমি.
650 ## - SUBJECT ADDED ENTRY--TOPICAL TERM
Topical term or geographic name as entry element Bengali Deactivate Novel
650 ## - SUBJECT ADDED ENTRY--TOPICAL TERM
Topical term or geographic name as entry element বাংলা গয়েন্দা উপন্যাস
942 ## - ADDED ENTRY ELEMENTS (KOHA)
Source of classification or shelving scheme Dewey Decimal Classification
Koha item type Books
Koha issues (borrowed), all copies 17
Holdings
Source of classification or shelving scheme Damaged status Not for loan Home library Current library Shelving location Date of accession Source of acquisition Cost, normal purchase price Total Checkouts Full call number Barcode Date last seen Date checked out Copy number Koha item type
Dewey Decimal Classification     JCC Rouf Library JCC Rouf Library General Stacks 07/10/2018 ক্যাডেট ফিরোজ, 30/1657/H 200.00 5 891.44 MAM 2017 14123 05/27/2024 05/13/2024 C-1 Books
Dewey Decimal Classification     JCC Rouf Library JCC Rouf Library General Stacks 08/14/2018   200.00 12 891.44 MAM 2017 14541 09/04/2024 11/07/2022 C-2 Books

JCC Library | Contacts | JCC Home

Last Update on 23 September 2017
Copyright @ 2017-2020 JCC Rouf Library
Rouf Library, Jhenidah Cadet College (JCC), Bangladesh